书目信息 |
| 题名: |
黄河流域生态保护和高质量发展理论文集
|
|
| 作者: | ;中共宁夏区委党校 (宁夏行政学院) 编 | |
| 分册: | ||
| 出版信息: | 银川 宁夏人民出版社 2021.04 |
|
| 页数: | 248页 | |
| 开本: | 24cm | |
| 丛书名: | ||
| 单 册: | ||
| 中图分类: | X321.243-53 | |
| 科图分类: | ||
| 主题词: | ||
| 电子资源: | ||
| ISBN: | 978-7-227-07458-8 | |
| 000 | 01074nam0 2200241 450 | |
| 001 | 0100028738 | |
| 005 | 20211025120159.0 | |
| 010 | @a978-7-227-07458-8@dCNY42.00 | |
| 100 | @a20210818d2021 em y0chiy50 ea | |
| 101 | 0 | @achi |
| 102 | @aCN@b640000 | |
| 105 | @ay a 000yy | |
| 106 | @ar | |
| 200 | 1 | @a黄河流域生态保护和高质量发展理论文集@Ahuang he liu yu sheng tai bao hu he gao zhi liang fa zhan li lun wen ji@f中共宁夏区委党校 (宁夏行政学院) 编 |
| 210 | @a银川@c宁夏人民出版社@d2021.04 | |
| 215 | @a248页@d24cm | |
| 320 | @a有书目 | |
| 330 | @a本书收录了二十多篇文章, 从生态保护、协同治理、经济高质量发展、哲学、法治、空间治理、水生态治理、繁荣黄河文化等角度展开了深入探讨与研究。内容包括: 黄河流域生态保护和高质量发展的战略意蕴 ; 全面开启黄河流域生态保护的新局面等。 | |
| 607 | @a黄河流域@Ahuang he liu yu@x生态环境保护@y宁夏@j文集 | |
| 690 | @aX321.243-53@v5 | |
| 711 | 02 | @a中共宁夏区委党校 (宁夏行政学院)@Azhong gong ning xia qu wei dang xiao ( ning xia xing zheng xue yuan )@4编 |
| 801 | 0 | @aCN@c20210909 |
| 905 | @a河南城建学院图书馆@dX321.243-53@eZ525 | |
| 黄河流域生态保护和高质量发展理论文集/中共宁夏区委党校 (宁夏行政学院) 编.-银川:宁夏人民出版社,2021.04 |
| 248页;24cm |
| ISBN 978-7-227-07458-8:CNY42.00 |
| 本书收录了二十多篇文章, 从生态保护、协同治理、经济高质量发展、哲学、法治、空间治理、水生态治理、繁荣黄河文化等角度展开了深入探讨与研究。内容包括: 黄河流域生态保护和高质量发展的战略意蕴 ; 全面开启黄河流域生态保护的新局面等。 |
| ● |
| 相关链接 |
|
|
|
正题名:黄河流域生态保护和高质量发展理论文集
索取号:X321.243-53/Z525
 
预约/预借
| 序号 | 登录号 | 条形码 | 馆藏地/架位号 | 状态 | 备注 |
| 1 | 1545919 | 215459199 | 自科库501/501自科库 66排2列4层/ [索取号:X321.243-53/Z525] | 在馆 |